| 000 | 00000nam 2200000zi 4500 |
| 001 | 9.919034 |
| 003 | CaOODSP |
| 005 | 20240105093412 |
| 006 | m o d f |
| 007 | cr ||||||||||| |
| 008 | 230111t20232022oncb ob f000 0 eng d |
| 020 | |a9780660470399 |
| 040 | |aCaOODSP|beng|erda|cCaOODSP |
| 043 | |an-cn-mb |
| 086 | 1 |aEn106-249/2023E-PDF |
| 245 | 00|aLynn Lake Gold Project : |benvironmental assessment report. |
| 264 | 1|a[Ottawa] : |bImpact Assessment Agency of Canada = Agence d'évaluation d'impact du Canada, |cMarch 2023. |
| 264 | 4|c©2022 |
| 300 | |a1 online resource (327 pages) : |bmaps |
| 336 | |atext|btxt|2rdacontent |
| 337 | |acomputer|bc|2rdamedia |
| 338 | |aonline resource|bcr|2rdacarrier |
| 500 | |aIssued also in French under title: Projet aurifère Lynn Lake : rapport d'évaluation environnementale. |
| 500 | |aCover title. |
| 504 | |aIncludes bibliographical references. |
| 650 | 0|aMineral industries|xEnvironmental aspects|zManitoba|zLynn Lake. |
| 650 | 0|aGold mines and mining|xEnvironmental aspects|zManitoba|zLynn Lake. |
| 650 | 0|aEnvironmental impact analysis|zManitoba|zLynn Lake. |
| 650 | 0|aEnvironmental risk assessment|zManitoba|zLynn Lake. |
| 710 | 1 |aCanada. |bImpact Assessment Agency of Canada, |eissuing body. |
| 775 | 08|tProjet aurifère Lynn Lake : |w(CaOODSP)9.919035 |
| 856 | 40|qPDF|s9.38 MB|uhttps://publications.gc.ca/collections/collection_2023/aeic-iaac/En106-249-2023-eng.pdf |